Trudne Flagi - Statystyki

Ogólne statystyki
  • Ten quiz został rozwiązany 60 razy
  • Średni wynik to 3 z 12
Statystyki odpowiedzi
Obrazkowy Odpowiedź % Poprawnych
Hawaje
66%
Saba
50%
Warszawa
46%
Unia Kalmarska
32%
Wolna Francja
28%
Cesarstwo Meksyku
20%
Województwo Śląskie
18%
Królestwo Laosu
14%
Brandenburgia
12%
Transylwania
10%
Wilno
8%
Chicago
6%
Nie znaleziono quizów pasujących do podanych kryteriów
Rozkład punktacji
Procent ludzi z każdym wynikiem
Percentyl według liczby udzielonych odpowiedzi
Twoja historia wyników
Nie rozwiązałeś tego quizu